000 00291nam a22001337a 4500
008 170621b xxu||||| |||| 00| 0 eng d
020 _a9780880332835
041 _aeng
080 _a32
100 _a20
101 _aSHP
245 _aIN HEALTH IN SICKNESS
_cCONROY, M.S
942 _2udc
_cBK
999 _c18511
_d18511